00504 2200205 4500001002100000008004100021035002000062245007400082100001600156250000600172260002500178300001200203084001400215082000800229650001300237990001200250990001200262990001200274990001200286INLIS000000000000681 ind  a0010-0424000657 aKumpulan Undang - Undang dan Peraturan Bidang PendidikancWidada, S.H aWidada, S.H a1 aKlaten :bSMKKc2014 a370 hlm a300 WID k a300 aNonfiksi a0721778 a0721779 a0721780 a0721781